000
00265nam a22001097a 4500
999
_c
165539
_d
165539
082
_a
_b
100
_a
Yogendra Pratab Singh
245
_a
Sriramacharitmanaz (v.3)/
_c
by Yogendra Pratab Singh.
260
_a
Allahabad:
_b
Lokbharath,
_c
650
_a
942
_c
BK